[Event "Niederoesterreichische Landesliga 2014/2015"]
[Site "NOE"]
[Date "2015.01.18"]
[Round "7"]
[Board "3"]
[White "Posch, Roland"]
[Black "Mayer, Josef"]
[Result "1-0"]
[WhiteElo "2109"]
[BlackElo "2084"]
[PlyCount "101"]
[EventDate "2014.10.05"]
[EventType "team"]
[EventRounds "11"]
[EventCountry "AUT"]
[WhiteTeam "Schachklub Mostarrichi"]
[BlackTeam "SV Mistelbach"]

1. e4 g6 2. Nc3 Bg7 3. Nge2 d6 4. g3 Nf6 5. Bg2 O-O 6. O-O e5 7. d3 c6 8.
h3 Be6 9. Be3 d5 10. exd5 Nxd5 11. Bc5 Re8 12. Ne4 Na6 13. Ba3 Bf8 14. Bxf8
Rxf8 15. Qd2 f6 16. Kh2 f5 17. Ng5 Bc8 18. Nf3 Qe7 19. c4 Nf6 20. Rae1 e4 21.
Nc3 Qc5 22. dxe4 Qxc4 23. e5 Ne4 24. Qh6 Nxc3 25. Ng5 Rf7 26. Nxf7 Qxf7 27.
bxc3 Be6 28. a4 Bc4 29. Rg1 Nc5 30. Qe3 Ne6 31. Rd1 f4 32. gxf4 Nxf4 33. Bf1
Be6 34. Rd6 Nd5 35. Qd2 Rf8 36. c4 Nf4 37. Rd8 Nh5 38. Rxf8+ Qxf8 39. Qe3 b6
40. Bg2 c5 41. Bd5 Nf4 42. Bxe6+ Nxe6 43. Rg3 Nd4 44. Rg4 Ne6 45. Kg2 Kg7 46.
Qf3 Qc8 47. Qf6+ Kg8 48. h4 Qd7 49. h5 g5 50. h6 Qe8 51. Rxg5+  1-0

[Event "Niederoesterreichische Landesliga 2014/2015"]
[Site "NOE"]
[Date "2015.01.18"]
[Round "7"]
[Board "4"]
[White "Teuber, Andreas"]
[Black "Steiner, Heinz"]
[Result "1-0"]
[WhiteElo "2176"]
[BlackElo "2108"]
[PlyCount "65"]
[EventDate "2014.10.05"]
[EventType "team"]
[EventRounds "11"]
[EventCountry "AUT"]
[WhiteTeam "SV Mistelbach"]
[BlackTeam "Schachklub Mostarrichi"]

1. d4 Nf6 2. c4 g6 3. g3 Bg7 4. Bg2 O-O 5. Nf3 d6 6. Nc3 Nbd7 7.
O-O e5 8. e4 c6 9. h3 Qe7 10. Re1 Nb6 11. b3 h6 12. a4 Nbd7 13. Ra2 b6 14. Ba3
c5 15. dxe5 dxe5 16. Rae2 Re8 17. Bb2 Bb7 18. Nd5 Nxd5 19. exd5 Qd6 20. Qa1 f6
21. Nh4 Kf7 22. f4 Re7 23. Be4 Nf8 24. fxe5 fxe5 25. Qb1 Bc8 26. Rf2+ Kg8 27.
Bxg6 Bxh3 28. Bf5 e4 29. Kh2 Bxb2 30. Qxb2 Rg7 31. Re3 Bg4 32. Bxg4 Rxg4 33.
Nf5  1-0

[Event "Niederoesterreichische Landesliga 2014/2015"]
[Site "NOE"]
[Date "2015.02.15"]
[Round "8"]
[Board "1"]
[White "Hofmann, Thomas"]
[Black "Lendwai, Reinhard"]
[Result "0-1"]
[WhiteElo "2195"]
[BlackElo "2350"]
[PlyCount "76"]
[EventDate "2014.10.05"]
[EventType "team"]
[EventRounds "11"]
[EventCountry "AUT"]
[WhiteTeam "SV Mistelbach"]
[BlackTeam "SK Advisory Invest Baden 2"]

1. e4 c5 2. Nf3 d6 3. d4 cxd4 4. Qxd4 Nc6 5. Bb5 Bd7 6. Qd3 Nf6 7. Nc3 g6 8.
Bg5 Bg7 9. O-O-O a6 10. Bxc6 Bxc6 11. Nd4 O-O 12. f3 Qc7 13. Qe2 Rfe8 14. g4 b5
15. Nxc6 Qxc6 16. h4 Rac8 17. Kb1 b4 18. Nd5 Nxd5 19. Rxd5 h6 20. Bc1 Rc7 21.
f4 Qc4 22. Rd3 Rec8 23. Rh2 Qb5 24. Qf3 Rc4 25. Re3 a5 26. h5 a4 27. hxg6 fxg6
28. g5 h5 29. f5 Qe5 30. Ree2 Rf8 31. Qh1 a3 32. fxg6 axb2 33. Bd2 b3 34. cxb3
Rc1+ 35. Bxc1 bxc1=Q+ 36. Kxc1 Rc8+ 37. Rc2 Qb2+ 38. Kd1 Qb1+  0-1

[Event "Niederoesterreichische Landesliga 2014/2015"]
[Site "NOE"]
[Date "2015.02.15"]
[Round "8"]
[Board "2"]
[White "Ganaus, Hannes"]
[Black "Teuber, Andreas"]
[Result "0-1"]
[WhiteElo "2322"]
[BlackElo "2176"]
[PlyCount "114"]
[EventDate "2014.10.05"]
[EventType "team"]
[EventRounds "11"]
[EventCountry "AUT"]
[WhiteTeam "SK Advisory Invest Baden 2"]
[BlackTeam "SV Mistelbach"]

1. Nf3 d5 2. e3 Nf6 3. c4 e6 4. d4 dxc4 5. Bxc4 c5 6. O-O a6 7. dxc5 Qxd1 8.
Rxd1 Bxc5 9. b3 Nbd7 10. Bb2 b6 11. Nbd2 Bb7 12. a3 Rc8 13. Be2 Ke7 14. b4 Bd6
15. Nc4 Bc7 16. a4 Rhd8 17. b5 Nc5 18. a5 Rxd1+ 19. Rxd1 axb5 20. Nxb6 Bxb6 21.
axb6 b4 22. Bd4 Nb3 23. Rb1 Nxd4 24. Nxd4 Be4 25. Ra1 e5 26. f3 exd4 27. fxe4
Nxe4 28. exd4 Rb8 29. Ra7+ Kf6 30. b7 Ke7 31. Bc4 Nd2 32. Bd3 b3 33. Kf2 b2 34.
Ke2 b1=Q 35. Bxb1 Nxb1 36. Kd3 Kd7 37. Kc2 Kc7 38. Kxb1 Rxb7+ 39. Rxb7+ Kxb7
40. Kc2 Kc6 41. Kd3 Kd5 42. Kc3 f5 43. h4 g6 44. Kd3 h6 45. Kc3 g5 46. hxg5
hxg5 47. Kd3 f4 48. Ke2 g4 49. Kd3 g3 50. Ke2 Kxd4 51. Kf3 Ke5 52. Ke2 Ke4 53.
Kf1 Kd3 54. Ke1 Ke3 55. Kf1 Kd2 56. Kg1 Ke2 57. Kh1 f3  0-1

[Event "Niederoesterreichische Landesliga 2014/2015"]
[Site "NOE"]
[Date "2015.02.15"]
[Round "8"]
[Board "3"]
[White "Wolfram, Bernd"]
[Black "Herndlbauer, Martin"]
[Result "1-0"]
[WhiteElo "2228"]
[BlackElo "2110"]
[PlyCount "65"]
[EventDate "2014.10.05"]
[EventType "team"]
[EventRounds "11"]
[EventCountry "AUT"]
[WhiteTeam "SV Mistelbach"]
[BlackTeam "SK Advisory Invest Baden 2"]

1. c4 Nf6 2. g3 c6 3. Bg2 d5 4. Nf3 Bg4 5. Ne5 Bf5 6. cxd5 cxd5 7. Qa4+ Nc6 8.
d3 Qa5+ 9. Qxa5 Nxa5 10. Nc3 Nc6 11. Nxc6 bxc6 12. e4 Be6 13. Be3 g6 14. Bd4
Rb8 15. O-O Rg8 16. Bxa7 Rxb2 17. Rfb1 Rxb1+ 18. Rxb1 Kd7 19. e5 Ng4 20. d4 f6
21. Na4 Ke8 22. Nc5 Kf7 23. h3 Nh6 24. Rb6 Nf5 25. Rxc6 Nxd4 26. Rxe6 Nxe6 27.
Bxd5 Kg7 28. Nxe6+ Kh8 29. Bd4 Bg7 30. Nxg7 Rd8 31. exf6 exf6 32. Bxf6 Rxd5 33.
Nf5+  1-0

[Event "Niederoesterreichische Landesliga 2014/2015"]
[Site "NOE"]
[Date "2015.02.15"]
[Round "8"]
[Board "4"]
[White "Juenger, Heinz"]
[Black "Vrana, Frantisek"]
[Result "1-0"]
[WhiteElo "2117"]
[BlackElo "2249"]
[PlyCount "81"]
[EventDate "2014.10.05"]
[EventType "team"]
[EventRounds "11"]
[EventCountry "AUT"]
[WhiteTeam "SK Advisory Invest Baden 2"]
[BlackTeam "SV Mistelbach"]

1. d4 {0} f5 2. Nf3 Nf6 3. g3 g6 4. Bg2 Bg7 5. O-O O-O 6. b3 c5 7. e3 Na6 8.
Bb2 b6 9. dxc5 Nxc5 10. Bxf6 Bxf6 11. Qd5+ e6 12. Qxa8 Bxa1 13. Qxa7 Ba6 14.
Rd1 d5 15. Ng5 Qxg5 16. Qxb6 Qe7 17. c4 Bb7 18. cxd5 Bxd5 19. Bxd5 exd5 20.
Rxd5 Ne4 21. Nd2 Ng5 22. h4 Nf7 23. h5 gxh5 24. Rxf5 Qd7 25. Qa5 Bc3 26. Qd5
Qe7 27. Nf3 Bf6 28. Rxh5 Rd8 29. Qf5 h6 30. Qg6+ Kf8 31. Nh4 Qb7 32. e4 Rd1+
33. Kg2 Qa6 34. Rf5 Qf1+ 35. Kf3 Qd3+ 36. Kg4 Qxe4+ 37. Kh5 Rd6 38. Rxf6 Qe2+
39. g4 Qe5+ 40. Rf5 Rxg6 41. Nxg6+  1-0

[Event "Niederoesterreichische Landesliga 2014/2015"]
[Site "NOE"]
[Date "2015.02.15"]
[Round "8"]
[Board "1"]
[White "Rumpl, Erwin"]
[Black "Schmidrathner, Christian"]
[Result "1-0"]
[WhiteElo "2314"]
[BlackElo "2075"]
[PlyCount "85"]
[EventDate "2014.10.05"]
[EventType "team"]
[EventRounds "11"]
[EventCountry "AUT"]
[WhiteTeam "SV Amstetten"]
[BlackTeam "SG Bisamberg/Korneuburg"]

1. Nf3 Nf6 2. d4 g6 3. Bg5 Bg7 4. Nbd2 O-O 5. e4 d6 6. c3 c5 7. dxc5 dxc5 8.
Bc4 Nc6 9. O-O Qc7 10. Qe2 b6 11. e5 Ng4 12. e6 f6 13. Bh4 Nge5 14. Bg3 f5 15.
Nxe5 Bxe5 16. f4 Bd6 17. Rad1 Nd8 18. Nf3 Bxf4 19. Bxf4 Qxf4 20. Ne5 Qh4 21. g3
Qg5 22. Rxd8 Rxd8 23. Nf7 Rd2 24. Nxg5 Rxe2 25. Bxe2 h6 26. Bf3 Rb8 27. Nh3
Bxe6 28. Nf4 Bf7 29. Re1 g5 30. Ne6 a6 31. c4 b5 32. cxb5 Rxb5 33. b3 Ra5 34.
a4 c4 35. bxc4 Rxa4 36. c5 Rc4 37. c6 Kh8 38. Nd8 Bg8 39. Rxe7 g4 40. Be2 Rc1+
41. Kf2 a5 42. c7 Rc2 43. Nf7+  1-0

[Event "Niederoesterreichische Landesliga 2014/2015"]
[Site "NOE"]
[Date "2015.02.15"]
[Round "8"]
[Board "2"]
[White "Pammer, Andreas"]
[Black "Sandhoefner, Florian"]
[Result "1/2-1/2"]
[WhiteElo "2103"]
[BlackElo "2278"]
[PlyCount "72"]
[EventDate "2014.10.05"]
[EventType "team"]
[EventRounds "11"]
[EventCountry "AUT"]
[WhiteTeam "SG Bisamberg/Korneuburg"]
[BlackTeam "SV Amstetten"]

1. c4 e5 2. Nc3 Nf6 3. Nf3 Nc6 4. g3 d5 5. cxd5 Nxd5 6. d3 Be7 7. Bg2 Nb6 8.
O-O O-O 9. a3 Be6 10. b4 a5 11. b5 Nd4 12. Rb1 f6 13. e3 Nxf3+ 14. Bxf3 Nd5 15.
Qc2 Nxc3 16. Qxc3 Bd5 17. e4 Be6 18. Be3 Bd6 19. d4 exd4 20. Bxd4 Qe7 21. a4
Bb4 22. Qe3 Rad8 23. Rfc1 Rd7 24. Bc5 Bxc5 25. Rxc5 Rfd8 26. Rbc1 b6 27. Rc6
Bh3 28. Be2 f5 29. e5 Qb4 30. e6 Re7 31. Qc3 Qxc3 32. R6xc3 Kf8 33. Rxc7 Rxe6
34. Bf1 Bxf1 35. Kxf1 Re7 36. Rxe7 Kxe7  1/2-1/2

[Event "Niederoesterreichische Landesliga 2014/2015"]
[Site "NOE"]
[Date "2015.02.15"]
[Round "8"]
[Board "3"]
[White "Bachmayer, Josef"]
[Black "Wetscherek, Gerhard"]
[Result "1/2-1/2"]
[WhiteElo "2076"]
[BlackElo "2077"]
[PlyCount "72"]
[EventDate "2014.10.05"]
[EventType "team"]
[EventRounds "11"]
[EventCountry "AUT"]
[WhiteTeam "SV Amstetten"]
[BlackTeam "SG Bisamberg/Korneuburg"]

1. d4 Nf6 2. Nc3 d6 3. Bg5 Nbd7 4. e4 c6 5. Nf3 Qc7 6. Bd3 a6 7. O-O e5 8. Re1
Be7 9. Bf1 O-O 10. Qd2 b5 11. Rad1 Rd8 12. a3 Nb6 13. h3 Be6 14. Qc1 Bc4 15. b3
Bxf1 16. Kxf1 Nbd7 17. Ne2 Nf8 18. Ng3 g6 19. Bh6 Ne6 20. Qb2 Nd7 21. c3 Bf8
22. Qc1 f6 23. Bxf8 Ndxf8 24. Qh6 Rac8 25. h4 Nf4 26. Ne2 Nxe2 27. Rxe2 Qf7 28.
Red2 Ne6 29. g3 Qe7 30. Qe3 h5 31. Qh6 Kf7 32. dxe5 dxe5 33. Rxd8 Rxd8 34. Rxd8
Qxd8 35. Qd2 Qxd2 36. Nxd2 a5  1/2-1/2

[Event "Niederoesterreichische Landesliga 2014/2015"]
[Site "NOE"]
[Date "2015.02.15"]
[Round "8"]
[Board "4"]
[White "Sulzgruber, Robin"]
[Black "Rechberger, Franz"]
[Result "1-0"]
[WhiteElo "1973"]
[BlackElo "2059"]
[PlyCount "81"]
[EventDate "2014.10.05"]
[EventType "team"]
[EventRounds "11"]
[EventCountry "AUT"]
[WhiteTeam "SG Bisamberg/Korneuburg"]
[BlackTeam "SV Amstetten"]

1. e4 e6 2. d4 d5 3. Nd2 c5 4. exd5 Qxd5 5. Ngf3 cxd4 6. Bc4 Qd6 7. O-O Nf6 8.
Nb3 Nc6 9. Nbxd4 Nxd4 10. Nxd4 Bd7 11. c3 Qc7 12. Qe2 a6 13. Bg5 Bd6 14. h3 Rc8
15. Nf5 Bh2+ 16. Kh1 Be5 17. Rfe1 Kf8 18. Bd3 Bf4 19. Bxf4 Qxf4 20. Nd4 h5 21.
g3 Qc7 22. Qe5 Bc6+ 23. Nxc6 Qxc6+ 24. Kg1 Rd8 25. Bf1 Qb6 26. Rad1 Ke7 27. Bg2
Rhe8 28. c4 Kf8 29. Qc3 a5 30. b3 Re7 31. Rxd8+ Qxd8 32. Qe5 Rd7 33. Bf3 Rd2
34. Re2 Rxe2 35. Qxe2 h4 36. g4 b6 37. Qe5 Ke7 38. Qg5 Qd3 39. Kg2 e5 40. Qxe5+
Kd7 41. Qb5+  1-0

[Event "Niederoesterreichische Landesliga 2014/2015"]
[Site "NOE"]
[Date "2015.02.15"]
[Round "8"]
[Board "1"]
[White "Zwettler, Martin"]
[Black "Wagner, Stefan"]
[Result "1/2-1/2"]
[WhiteElo "2206"]
[BlackElo "2121"]
[PlyCount "42"]
[EventDate "2014.10.05"]
[EventType "team"]
[EventRounds "11"]
[EventCountry "AUT"]
[WhiteTeam "SK Zwettl 2"]
[BlackTeam "Litschau/Eisgarn"]

1. d4 g6 2. e4 Bg7 3. Nc3 c5 4. dxc5 Qa5 5. Bd2 Qxc5 6. Nd5 Na6 7. Nf3 e6 8.
Bc3 Bxc3+ 9. Nxc3 Nf6 10. e5 Ng4 11. Qe2 f5 12. h3 Nh6 13. O-O-O Nc7 14. Ng5
O-O 15. f4 b5 16. Kb1 Rb8 17. Qd2 b4 18. Na4 Qa5 19. b3 Nd5 20. Bc4 Bb7 21. Rh2
Rfc8  1/2-1/2

[Event "Niederoesterreichische Landesliga 2014/2015"]
[Site "NOE"]
[Date "2015.02.15"]
[Round "8"]
[Board "3"]
[White "Janetschek, Karl"]
[Black "Popelka, Oldrich"]
[Result "1/2-1/2"]
[WhiteElo "2226"]
[BlackElo "2080"]
[PlyCount "76"]
[EventDate "2014.10.05"]
[EventType "team"]
[EventRounds "11"]
[EventCountry "AUT"]
[WhiteTeam "SK Zwettl 2"]
[BlackTeam "Litschau/Eisgarn"]

1. e4 c5 2. Nf3 e6 3. d4 cxd4 4. Nxd4 a6 5. Bd3 Nc6 6. O-O Qc7 7. Qe2 Nf6 8.
Nxc6 dxc6 9. Nd2 e5 10. a4 a5 11. b3 Bc5 12. Nc4 Bd4 13. Ra2 O-O 14. Qe1 Rd8
15. Bg5 Be6 16. Kh1 Rd7 17. f4 Bxc4 18. Bxc4 exf4 19. c3 Be5 20. Raf2 Rad8 21.
Bxf6 Bxf6 22. Rxf4 Qxf4 23. Rxf4 Rd1 24. Qg1 Rxg1+ 25. Kxg1 Rd7 26. Rf3 Kf8 27.
Kf1 Be5 28. g3 f6 29. Ke2 Ke7 30. Rd3 Rxd3 31. Kxd3 Kd6 32. b4 b6 33. bxa5 bxa5
34. Bg8 h5 35. Bf7 h4 36. gxh4 Bxh2 37. h5 Ke5 38. Be8 c5  1/2-1/2

[Event "Niederoesterreichische Landesliga 2014/2015"]
[Site "NOE"]
[Date "2015.02.15"]
[Round "8"]
[Board "4"]
[White "Paulin, Manfred"]
[Black "Lipp, Alfred"]
[Result "0-1"]
[WhiteElo "1910"]
[BlackElo "2119"]
[PlyCount "59"]
[EventDate "2014.10.05"]
[EventType "team"]
[EventRounds "11"]
[EventCountry "AUT"]
[WhiteTeam "Litschau/Eisgarn"]
[BlackTeam "SK Zwettl 2"]

1. d4 d5 2. c4 e6 3. Nc3 Nf6 4. Bg5 Be7 5. e3 O-O 6. Bxf6 Bxf6 7. f4 c5 8. Nf3
Nc6 9. dxc5 Qa5 10. Qd2 Qxc5 11. cxd5 exd5 12. Nxd5 Bxb2 13. Rb1 Be6 14. Rxb2
Bxd5 15. Rb5 Qa3 16. Rxd5 Nb4 17. Rd4 a5 18. Bc4 Rac8 19. O-O b5 20. Bb3 Nc6
21. Rd6 a4 22. Rxc6 Rxc6 23. Bd5 Rc3 24. Re1 Qc5 25. Qd4 Qc7 26. Ne5 Rc2 27. h3
Qa5 28. Rd1 Qc7 29. Qb4 Rc1 30. Rxc1  0-1

[Event "Niederoesterreichische Landesliga 2014/2015"]
[Site "NOE"]
[Date "2015.02.15"]
[Round "8"]
[Board "1"]
[White "Juhasz, Kristof"]
[Black "Froewis, Georg"]
[Result "1/2-1/2"]
[WhiteElo "2356"]
[BlackElo "2437"]
[PlyCount "73"]
[EventDate "2014.10.05"]
[EventType "team"]
[EventRounds "11"]
[EventCountry "AUT"]
[WhiteTeam "Sparkasse Bad Voeslau/Kottingbrunn"]
[BlackTeam "SGM Voest Krems"]

1. d4 d5 2. c4 e6 3. Nf3 Nf6 4. Nc3 c6 5. e3 Nbd7 6. Qc2 Bd6 7. Bd3 O-O 8. O-O
e5 9. cxd5 cxd5 10. e4 exd4 11. Nxd5 Nxd5 12. exd5 h6 13. Nxd4 Qh4 14. Nf3 Qh5
15. Be3 Nf6 16. Bc5 Bxc5 17. Qxc5 Bg4 18. Be2 Rfc8 19. Qb4 Nxd5 20. Qd2 Rc6 21.
Nd4 Bxe2 22. Nxe2 Rd8 23. Rac1 Rcd6 24. Ng3 Qg6 25. Qd4 Nb6 26. Qe4 Qxe4 27.
Nxe4 Re6 28. Nc5 Re2 29. Nxb7 Rd7 30. Nc5 Rdd2 31. b3 Rxa2 32. Rcd1 Rac2 33.
Rd8+ Kh7 34. Nd7 Red2 35. Nf8+ Kg8 36. Nd7+ Kh7 37. Nf8+  1/2-1/2

[Event "Niederoesterreichische Landesliga 2014/2015"]
[Site "NOE"]
[Date "2015.02.15"]
[Round "8"]
[Board "2"]
[White "Kleiser, Gregor"]
[Black "Theissl-Pokorna, Regina"]
[Result "0-1"]
[WhiteElo "2300"]
[BlackElo "2362"]
[PlyCount "44"]
[EventDate "2014.10.05"]
[EventType "team"]
[EventRounds "11"]
[EventCountry "AUT"]
[WhiteTeam "SGM Voest Krems"]
[BlackTeam "Sparkasse Bad Voeslau/Kottingbrunn"]

1. d4 Nf6 2. c4 e6 3. Nc3 Bb4 4. e3 b6 5. Bd3 Bb7 6. f3 c5 7. Nge2 O-O 8. a3
Ba5 9. O-O d5 10. cxd5 exd5 11. Nf4 Nbd7 12. dxc5 bxc5 13. b4 cxb4 14. axb4
Bxb4 15. Bb2 Bc5 16. Re1 Re8 17. Qd2 Qb6 18. Nd1 d4 19. exd4 Bxd4+ 20. Nf2 Qxb2
21. Qxb2 Bxb2 22. Rab1 Be5  0-1

[Event "Niederoesterreichische Landesliga 2014/2015"]
[Site "NOE"]
[Date "2015.02.15"]
[Round "8"]
[Board "4"]
[White "Winiwarter, Felix"]
[Black "Lechner, Daniel"]
[Result "0-1"]
[WhiteElo "2162"]
[BlackElo "2211"]
[PlyCount "111"]
[EventDate "2014.10.05"]
[EventType "team"]
[EventRounds "11"]
[EventCountry "AUT"]
[WhiteTeam "SGM Voest Krems"]
[BlackTeam "Sparkasse Bad Voeslau/Kottingbrunn"]

1. e4 c5 2. Nf3 d6 3. d4 cxd4 4. Nxd4 Nf6 5. Nc3 a6 6. f4 e5 7. Nf3 Nbd7 8. Bc4
Be7 9. O-O O-O 10. a4 exf4 11. Bxf4 Qb6+ 12. Kh1 Qxb2 13. Qe1 Qb6 14. e5 Nxe5
15. Nxe5 dxe5 16. Bxe5 Qc5 17. Bd3 Ng4 18. Bg3 f5 19. a5 Bd8 20. Ra4 Bd7 21.
Rc4 Qxa5 22. Rxg4 Re8 23. Bc4+ Kh8 24. Qd2 fxg4 25. Qxd7 Bf6 26. Nd5 Be5 27.
Qxg4 Bxg3 28. Qxg3 Rad8 29. Ne3 Qe5 30. Nf5 Qxg3 31. Nxg3 b5 32. Bd3 g6 33. Kg1
Kg7 34. Ne4 Re5 35. h4 a5 36. Ng5 Rd7 37. Nf3 Rc5 38. Re1 b4 39. Ng5 Rcd5 40.
Bc4 Rd1 41. Kf2 Rxe1 42. Kxe1 a4 43. g3 Kf6 44. Nf3 Rc7 45. Nd2 Ke5 46. Kd1 Kd4
47. Bg8 Rc3 48. g4 Rg3 49. g5 a3 50. Bb3 Rh3 51. Be6 Rh1+ 52. Ke2 Rh2+ 53. Kd1
Kc3 54. Ne4+ Kb2 55. Nd2 a2 56. Nc4+  0-1

[Event "Niederoesterreichische Landesliga 2014/2015"]
[Site "NOE"]
[Date "2015.02.15"]
[Round "8"]
[Board "1"]
[White "Lovrinovic, Christian"]
[Black "Groetz, Harald"]
[Result "1-0"]
[WhiteElo "2154"]
[BlackElo "2312"]
[PlyCount "103"]
[EventDate "2014.10.05"]
[EventType "team"]
[EventRounds "11"]
[EventCountry "AUT"]
[WhiteTeam "KSV Boehlerwerk"]
[BlackTeam "SV Stockerau 2"]

1. d4 Nf6 2. c4 c5 3. d5 b5 4. cxb5 a6 5. bxa6 Bxa6 6. g3 d6 7. Bg2 g6 8. Nf3
Bg7 9. O-O O-O 10. Nc3 Nbd7 11. Rb1 Ra7 12. b3 Qa8 13. Re1 Rb8 14. Bb2 Ng4 15.
h3 Nge5 16. Nh4 Nc4 17. Ba1 Na3 18. Rc1 Rb4 19. Nf3 Ne5 20. Nxe5 Bxe5 21. Qd2
Bg7 22. Na4 Bxa1 23. Rxa1 Bb7 24. Nc3 Nb5 25. Nxb5 Rxb5 26. Reb1 Rb4 27. e4 Ra3
28. Qc2 Qa5 29. Rb2 Ba6 30. Bf1 Bxf1 31. Kxf1 Qb6 32. Rab1 Rd4 33. Re1 Qb4 34.
Re2 f6 35. Kg2 Kf7 36. h4 h5 37. f3 Qa5 38. Rd2 Rb4 39. Re2 Qa6 40. Qd2 Rd4 41.
Qh6 Qd3 42. Qh7+ Kf8 43. Qh8+ Kf7 44. Qh7+ Kf8 45. Qxg6 c4 46. Qh6+ Kg8 47.
Rbd2 Qc3 48. Rc2 Qa1 49. Rc1 Qxa2 50. Rxa2 Rxa2+ 51. Kh3 Rdd2 52. Qxh5  1-0

[Event "Niederoesterreichische Landesliga 2014/2015"]
[Site "NOE"]
[Date "2015.02.15"]
[Round "8"]
[Board "2"]
[White "Schmid, Thomas"]
[Black "Strobel, Ferdinand"]
[Result "1/2-1/2"]
[WhiteElo "2193"]
[BlackElo "2086"]
[PlyCount "38"]
[EventDate "2014.10.05"]
[EventType "team"]
[EventRounds "11"]
[EventCountry "AUT"]
[WhiteTeam "SV Stockerau 2"]
[BlackTeam "KSV Boehlerwerk"]

1. e4 d6 2. d4 Nf6 3. Nc3 g6 4. f4 Bg7 5. Nf3 c5 6. dxc5 Qa5 7. Bd3 Qxc5 8. Qe2
O-O 9. Be3 Qa5 10. O-O Nc6 11. a3 Ng4 12. Bd2 Qh5 13. h3 Nd4 14. Nxd4 Bxd4+ 15.
Kh1 Nf6 16. Qxh5 Nxh5 17. Rf3 Bd7 18. g4 Nf6 19. Re1 Bc6  1/2-1/2

[Event "Niederoesterreichische Landesliga 2014/2015"]
[Site "NOE"]
[Date "2015.02.15"]
[Round "8"]
[Board "3"]
[White "Danner, Lambert"]
[Black "Amberger, Dieter"]
[Result "1/2-1/2"]
[WhiteElo "2115"]
[BlackElo "2086"]
[PlyCount "37"]
[EventDate "2014.10.05"]
[EventType "team"]
[EventRounds "11"]
[EventCountry "AUT"]
[WhiteTeam "KSV Boehlerwerk"]
[BlackTeam "SV Stockerau 2"]

1. g3 Nf6 2. Bg2 e6 3. Nf3 d5 4. c4 c6 5. O-O Nbd7 6. d4 Bd6 7. Nc3 O-O 8. Qd3
Re8 9. Bf4 dxc4 10. Qxc4 e5 11. dxe5 Nxe5 12. Nxe5 Bxe5 13. Rfd1 Qe7 14. Rd2
Be6 15. Qa4 Bxf4 16. Qxf4 Rad8 17. Rad1 Rxd2 18. Qxd2 Bf5 19. Qd4  1/2-1/2

[Event "Niederoesterreichische Landesliga 2014/2015"]
[Site "NOE"]
[Date "2015.02.15"]
[Round "8"]
[Board "4"]
[White "Pernerstorfer, Johannes"]
[Black "Neumann, Christian"]
[Result "0-1"]
[WhiteElo "2121"]
[BlackElo "1991"]
[PlyCount "138"]
[EventDate "2014.10.05"]
[EventType "team"]
[EventRounds "11"]
[EventCountry "AUT"]
[WhiteTeam "SV Stockerau 2"]
[BlackTeam "KSV Boehlerwerk"]

1. e4 c6 2. d4 d5 3. Nc3 dxe4 4. Nxe4 Bf5 5. Ng3 Bg6 6. h4 h6 7. Nf3 Nd7 8. h5
Bh7 9. Bd3 Bxd3 10. Qxd3 Ngf6 11. Bd2 e6 12. O-O-O Be7 13. Ne4 Rc8 14. Kb1 Qb6
15. Nxf6+ Bxf6 16. Ne5 Rd8 17. Nc4 Qc7 18. Qa3 Nb6 19. Nxb6 axb6 20. Be3 Rd5
21. c4 Ra5 22. Qb4 c5 23. dxc5 bxc5 24. Qd2 O-O 25. Qd6 Qc8 26. a3 Re8 27. Qg3
Kh8 28. Rd3 Qc6 29. Rhd1 b5 30. Bd2 b4 31. Qf3 Qa6 32. Rb3 Ra4 33. Rc1 Rd8 34.
Qf4 Bg5 35. Qxf7 Bxd2 36. Rd3 Qa8 37. Rg3 Qe4+ 38. Rc2 Rg8 39. Qd7 Bf4 40. Qxa4
Bxg3 41. fxg3 bxa3 42. bxa3 Qe1+ 43. Ka2 Qxg3 44. Qb3 Qe1 45. Qc3 Qf1 46. Qe5
Rd8 47. Qe2 Qf5 48. g4 Qf6 49. Rb2 Qc3 50. Qc2 Qe3 51. Rb3 Qe1 52. Rd3 Rf8 53.
Rd2 Qg1 54. Qe4 Qg3 55. Rb2 Qc3 56. Rc2 Qg3 57. Qxe6 Ra8 58. Kb1 Qxa3 59. Qe5
Rf8 60. Qe2 Qb4+ 61. Rb2 Qc3 62. Rc2 Qd4 63. Rd2 Rb8+ 64. Rb2 Rxb2+ 65. Qxb2
Qxc4 66. Qg2 Qd3+ 67. Qc2 Qxc2+ 68. Kxc2 Kg8 69. Kd3 Kf7  0-1

[Event "Niederoesterreichische Landesliga 2014/2015"]
[Site "NOE"]
[Date "2015.03.01"]
[Round "9"]
[Board "1"]
[White "Groetz, Harald"]
[Black "Juhasz, Kristof"]
[Result "0-1"]
[WhiteElo "2312"]
[BlackElo "2356"]
[PlyCount "80"]
[EventDate "2014.10.05"]
[EventType "team"]
[EventRounds "11"]
[EventCountry "AUT"]
[WhiteTeam "SV Stockerau 2"]
[BlackTeam "Sparkasse Bad Voeslau/Kottingbrunn"]

1. e4 c6 2. d4 d5 3. Nd2 dxe4 4. Nxe4 Nd7 5. Ng5 Ngf6 6. Bd3 e6 7. Qe2 Bd6
8. N1f3 h6 9. Ne4 Nxe4 10. Qxe4 Qc7 11. O-O b6 12. Qg4 Kf8 13. Re1 Bb7 14. b3
Rd8 15. Bb2 Nf6 16. Qh4 Nd5 17. Ne5 g5 18. Qg4 Nf4 19. Bf1 Rg8 20. Bc1 h5 21.
Qg3 h4 22. Qg4 f5 23. Qd1 c5 24. Bxf4 gxf4 25. Qh5 Qg7 26. Nf3 Qg6 27. Qxg6
Rxg6 28. Nxh4 Rh6 29. dxc5 Bxc5 30. g3 fxg3 31. hxg3 f4 32. b4 Bd4 33. c3 Bxc3
34. Red1 Bd4 35. Kh2 Ke7 36. Rac1 Bxf2 37. Rc7+ Kf6 38. Rxd8 fxg3+ 39. Kh3
Rxh4+ 40. Kxh4 g2+  0-1

[Event "Niederoesterreichische Landesliga 2014/2015"]
[Site "NOE"]
[Date "2015.03.01"]
[Round "9"]
[Board "2"]
[White "Theissl-Pokorna, Regina"]
[Black "Amberger, Dieter"]
[Result "1-0"]
[WhiteElo "2362"]
[BlackElo "2086"]
[PlyCount "79"]
[EventDate "2014.10.05"]
[EventType "team"]
[EventRounds "11"]
[EventCountry "AUT"]
[WhiteTeam "Sparkasse Bad Voeslau/Kottingbrunn"]
[BlackTeam "SV Stockerau 2"]

1. e4 c5 2. Nf3 Nc6 3. d4 cxd4 4. Nxd4 Nf6 5. Nc3 e5 6. Ndb5 d6 7. a4 a6 8. Na3
Bg4 9. Be2 Bxe2 10. Qxe2 d5 11. exd5 Nxd5 12. Nxd5 Qxd5 13. O-O Nd4 14. Qd3
O-O-O 15. Be3 Bc5 16. Rfd1 e4 17. Qc4 Qxc4 18. Nxc4 Rhf8 19. b4 Ne2+ 20. Kf1
Bxe3 21. Kxe2 Bd4 22. Rac1 Bc3 23. Nb6+ Kc7 24. Nd5+ Rxd5 25. Rxd5 Bxb4 26. Rd4
Ba3 27. Ra1 Bd6 28. Rxe4 f5 29. Rc4+ Kd7 30. Rb1 Rb8 31. a5 g5 32. h3 h5 33.
Rc3 g4 34. hxg4 fxg4 35. g3 Bc7 36. Rd1+ Bd6 37. Rb1 Bc7 38. Rc5 Re8+ 39. Kf1
h4 40. Rxb7  1-0